<?xml version="1.0" encoding="UTF-8"?>
<record
    xmlns:xsi="http://www.w3.org/2001/XMLSchema-instance"
    xsi:schemaLocation="http://www.loc.gov/MARC21/slim http://www.loc.gov/standards/marcxml/schema/MARC21slim.xsd"
    xmlns="http://www.loc.gov/MARC21/slim">

  <leader>00917nam0a22002531  4500</leader>
  <controlfield tag="001">rc\2831332</controlfield>
  <controlfield tag="005">20250529201456.0</controlfield>
  <datafield tag="035" ind1=" " ind2=" ">
    <subfield code="a">(NLR Aleph) 006989284</subfield>
  </datafield>
  <datafield tag="090" ind1=" " ind2=" ">
    <subfield code="a">5610515</subfield>
    <subfield code="c">5610515</subfield>
  </datafield>
  <datafield tag="100" ind1=" " ind2=" ">
    <subfield code="a">20110625d1929    |||y0rusy50      ca</subfield>
  </datafield>
  <datafield tag="101" ind1="0" ind2=" ">
    <subfield code="a">rus</subfield>
  </datafield>
  <datafield tag="102" ind1=" " ind2=" ">
    <subfield code="a">RU</subfield>
  </datafield>
  <datafield tag="105" ind1=" " ind2=" ">
    <subfield code="a">a   z   |||||</subfield>
  </datafield>
  <datafield tag="200" ind1="1" ind2=" ">
    <subfield code="a">&#x421;&#x430;&#x43C;&#x43E;&#x443;&#x447;&#x438;&#x442;&#x435;&#x43B;&#x44C; &#x43A;&#x440;&#x43E;&#x439;&#x43A;&#x438; &#x438; &#x448;&#x438;&#x442;&#x44C;&#x44F;</subfield>
    <subfield code="f">&#x420;.&#x412;. &#x418;&#x432;&#x430;&#x441;&#x435;&#x43D;&#x43A;&#x43E;</subfield>
    <subfield code="g">&#x412; &#x43E;&#x431;&#x440;. &#x438; &#x43F;&#x43E;&#x434; &#x440;&#x435;&#x434;. &#x418;.&#x414;. &#x414;&#x435;&#x439;&#x43A;&#x438;&#x43D;&#x43E;&#x439;</subfield>
  </datafield>
  <datafield tag="205" ind1=" " ind2=" ">
    <subfield code="a">4-&#x435; &#x438;&#x437;&#x434;., &#x438;&#x441;&#x43F;&#x440;. &#x438; &#x434;&#x43E;&#x43F;.</subfield>
  </datafield>
  <datafield tag="210" ind1=" " ind2=" ">
    <subfield code="a">[&#x422;&#x432;&#x435;&#x440;&#x44C;]</subfield>
    <subfield code="c">&#x418;&#x437;&#x434;. &#x430;&#x432;&#x442;&#x43E;&#x440;&#x430;</subfield>
    <subfield code="d">1929</subfield>
    <subfield code="g">&#x422;&#x432;&#x435;&#x440;&#x441;&#x43A;. &#x433;&#x43E;&#x441;&#x442;&#x438;&#x43F;. &#x438;&#x43C;. &#x41A;. &#x41C;&#x430;&#x440;&#x43A;&#x441;&#x430;</subfield>
  </datafield>
  <datafield tag="215" ind1=" " ind2=" ">
    <subfield code="a">194, V &#x441;., 1 &#x432;&#x43A;&#x43B;. &#x43B;. &#x447;&#x435;&#x440;&#x442;.</subfield>
    <subfield code="c">&#x438;&#x43B;., &#x447;&#x435;&#x440;&#x442;.</subfield>
    <subfield code="d">26&#xD7;18 &#x441;&#x43C;</subfield>
  </datafield>
  <datafield tag="700" ind1=" " ind2="1">
    <subfield code="a">&#x418;&#x432;&#x430;&#x441;&#x435;&#x43D;&#x43A;&#x43E;</subfield>
    <subfield code="b">&#x420;.&#x412;.</subfield>
  </datafield>
  <datafield tag="702" ind1=" " ind2="1">
    <subfield code="a">&#x414;&#x435;&#x439;&#x43A;&#x438;&#x43D;&#x430;</subfield>
    <subfield code="b">&#x418;.&#x414;.</subfield>
    <subfield code="g">&#x418;&#x43B;&#x43B;&#x430;&#x440;&#x438;&#x44F; &#x414;&#x43C;&#x438;&#x442;&#x440;&#x438;&#x435;&#x432;&#x43D;&#x430;</subfield>
    <subfield code="4">340</subfield>
  </datafield>
  <datafield tag="801" ind1=" " ind2="0">
    <subfield code="a">RU</subfield>
    <subfield code="b">NLR</subfield>
    <subfield code="g">psbo</subfield>
  </datafield>
  <datafield tag="801" ind1=" " ind2="1">
    <subfield code="a">RU</subfield>
    <subfield code="b">ELAR</subfield>
    <subfield code="2">rusmarc</subfield>
  </datafield>
  <datafield tag="852" ind1=" " ind2=" ">
    <subfield code="a">NLR</subfield>
    <subfield code="j">30.5/59</subfield>
  </datafield>
  <datafield tag="942" ind1=" " ind2=" ">
    <subfield code="c">BOOK</subfield>
  </datafield>
  <datafield tag="980" ind1=" " ind2=" ">
    <subfield code="a">NB</subfield>
  </datafield>
  <datafield tag="995" ind1=" " ind2=" ">
    <subfield code="5">2013-10-26</subfield>
    <subfield code="b">NLR02</subfield>
    <subfield code="c">NLR02</subfield>
    <subfield code="e">RFS</subfield>
    <subfield code="f">6989284-10</subfield>
    <subfield code="k">30.5/59</subfield>
    <subfield code="o">0</subfield>
    <subfield code="r">BOOK</subfield>
    <subfield code="s">30559_</subfield>
  </datafield>
</record>
